[Event "Titled Tue 1st Jul Early"]
[Site "chess.com INT"]
[Date "2025.07.01"]
[Round "10"]
[White "Ghoreishi Amiri, Seyed Kian"]
[Black "Munoz, Francisco Javier"]
[Result "1/2-1/2"]
[WhiteTitle "CM"]
[BlackTitle "FM"]
[WhiteElo "2215"]
[BlackElo "2389"]
[WhiteFideId "36757527"]
[BlackFideId "128368"]
[EventDate "2025.07.01"]

1. d4 d5 2. c4 e6 3. Nc3 Nf6 4. cxd5 exd5 5. Bg5 c6 6. e3 Nbd7 7. Bd3 h6 8. Bh4
Be7 9. Nf3 O-O 10. O-O Re8 11. Qc2 Nf8 12. h3 a5 13. Ne5 N6d7 14. Bg3 Nxe5 15.
Bxe5 Bd6 16. Bxd6 Qxd6 17. Rae1 Be6 18. f4 Bd7 19. Qf2 Re7 20. e4 f5 21. exd5
Rxe1 22. Qxe1 Re8 23. Qb1 g6 24. Qc2 Kg7 25. Qb3 b5 26. dxc6 Qxd4+ 27. Kh2 Bxc6
28. Nxb5 Qf6 29. Qc3 Bxb5 30. Bxb5 Qxc3 31. bxc3 Re3 32. c4 Ne6 33. Rd1 Nxf4 34.
c5 Rc3 35. c6 Rc2 36. Rd7+ Kf6 37. Kg3 g5 38. Kf3 Ne6 39. a4 h5 40. Rd5 g4+ 41.
hxg4 hxg4+ 42. Kg3 Ng5 43. Bd3 Ne4+ 44. Bxe4 fxe4 45. Rxa5 Rxc6 46. Kxg4 Rc2 47.
g3 Rf2 48. Ra8 e3 49. Re8 Ra2 50. Rxe3 Rxa4+ 51. Kh5 Ra1 52. Rf3+ Kg7 53. g4 Rg1
54. Ra3 Rg2 55. Ra7+ Kf6 56. Ra6+ Kg7 57. Rb6 Rg1 58. Kg5 Rg2 59. Rb7+ Kg8 60.
Kh5 Rg1 61. g5 Ra1 62. Kh6 Ra8 63. Rg7+ Kh8 64. Rd7 Re8 65. Rc7 Kg8 66. Ra7 Rd8
67. Ra1 Rc8 68. Rh1 Rc6+ 69. g6 Rc8 70. Rg1 Rd8 71. Rg5 Rc8 72. Rh5 Rd8 73. Rf5
Rc8 74. Rf7 Rd8 75. Rg7+ Kh8 76. Rh7+ Kg8 77. Rf7 Rc8 78. Rf1 Rd8 79. Rf6 Rc8
80. g7 Rd8 81. Kg6 Rc8 82. Ra6 Rd8 83. Kf6 Rc8 84. Re6 Rd8 85. Ke7 Rb8 86. Rg6
Rb7+ 87. Kf6 Rb8 88. Kg5 Rb5+ 89. Kh6 Rb8 90. Ra6 Rc8 91. Rb6 Rd8 92. Rc6 Re8
93. Rd6 Rc8 94. Re6 Rd8 95. Kg6 Rc8 96. Rd6 Rb8 97. Rc6 Ra8 98. Kh6 Rd8 99. Rf6
Rc8 100. Rg6 Rd8 101. Rg1 Rc8 102. Kh5 Rc7 103. Kh6 Rc6+ 104. Kh5 Rc7 105. Kh6
Rc6+ 106. Rg6 Rxg6+ 107. Kxg6 1/2-1/2

[Event "Titled Tue 1st Jul Early"]
[Site "chess.com INT"]
[Date "2025.07.01"]
[Round "10"]
[White "Sava, Robert-Gabriel"]
[Black "Gogolev, Artem"]
[Result "1/2-1/2"]
[WhiteTitle "CM"]
[BlackTitle "IM"]
[WhiteElo "2121"]
[BlackElo "2240"]
[WhiteFideId "1265725"]
[BlackFideId "4116615"]
[EventDate "2025.07.01"]

1. e4 c6 2. d4 d5 3. Bd3 dxe4 4. Bxe4 Nf6 5. Bf3 Bf5 6. Ne2 e6 7. O-O Bd6 8. c3
Nbd7 9. Bf4 Qc7 10. Bxd6 Qxd6 11. Na3 O-O 12. Nc4 Qc7 13. Qd2 Be4 14. Bxe4 Nxe4
15. Qf4 Qxf4 16. Nxf4 Nef6 17. Rfe1 Rfd8 18. Nd3 Rac8 19. Nd6 Rb8 20. c4 Nb6 21.
c5 Nc8 22. Nc4 Rxd4 23. Nde5 Ne7 24. Nd6 b6 25. Nexf7 bxc5 26. Rxe6 Ned5 27.
Rae1 Nf4 28. Nh6+ Kf8 29. Re7 gxh6 30. Rf7+ Kg8 31. Rxf6 Ng6 32. Nf5 Rd7 33.
Rxc6 Rf8 34. Nxh6+ Kg7 35. Ng4 Rd2 36. Rxc5 Rxb2 37. Rc7+ Rf7 38. Rxf7+ Kxf7 39.
g3 Rxa2 40. Ne5+ Nxe5 41. Rxe5 a5 42. h4 a4 43. g4 a3 44. Ra5 Kf6 45. Kg2 Ra1
46. Kg3 h6 47. f3 a2 48. Kf4 Kg6 49. Ra6+ Kg7 50. Ra7+ Kf6 51. Ra3 Kg7 52. Ra7+
Kf6 53. g5+ hxg5+ 54. hxg5+ Kg6 55. Ra6+ Kg7 56. Ra3 Kg6 57. Ra4 Kg7 58. Ra6 Kf7
59. Ra3 Kg7 60. Ra6 Kf7 61. g6+ Kg7 62. Kf5 Rf1 63. Ra7+ Kg8 64. Ra8+ Kg7 65.
Ra7+ Kg8 66. Rxa2 Rxf3+ 67. Kg5 Rg3+ 68. Kh6 Rh3+ 69. Kg5 Rg3+ 70. Kf5 Rf3+ 71.
Kg4 Rf8 72. Ra7 Rb8 73. Kg5 Rd8 74. Kh6 Rb8 75. Rg7+ Kh8 76. Rh7+ Kg8 77. Rf7
Rc8 78. Re7 Rb8 79. Kg5 Rd8 80. Kf6 Rf8+ 81. Rf7 Ra8 82. Rg7+ Kh8 83. Re7 Kg8
84. Re6 Rb8 85. g7 Rd8 86. Kg6 Rb8 87. Rc6 Rd8 88. Ra6 Rb8 89. Rf6 Rd8 90. Kh6
Rc8 91. Rg6 Rd8 92. Rg5 Rc8 93. Rg6 Rb8 94. Re6 Rd8 95. Kg6 Ra8 96. Kf6 Rb8 97.
Re5 Rc8 98. Rh5 Rc6+ 99. Ke7 Kxg7 100. Rg5+ Rg6 101. Re5 Rf6 102. Rg5+ Rg6 103.
Rf5 Rh6 104. Rf7+ Kg6 105. Rf6+ Kg5 106. Rf2 Kg6 107. Rg2+ Kh5 108. Kf7 Rb6 109.
Rh2+ Kg4 110. Rg2+ Kf3 111. Rg8 Rb4 112. Rg6 Rf4+ 113. Rf6 Rxf6+ 114. Kxf6 1/2-1/2

[Event "Titled Tue 1st Jul Early"]
[Site "chess.com INT"]
[Date "2025.07.01"]
[Round "10"]
[White "Aalto, Patrik"]
[Black "Ishvi, Aggarwal"]
[Result "1-0"]
[WhiteTitle "FM"]
[BlackTitle "WCM"]
[WhiteElo "2316"]
[BlackElo "1954"]
[WhiteFideId "510726"]
[BlackFideId "25728890"]
[EventDate "2025.07.01"]

1. c4 c5 2. Nf3 Nf6 3. d4 cxd4 4. Nxd4 d5 5. cxd5 Nxd5 6. e4 Nb4 7. Bb5+ Bd7 8.
a3 N4c6 9. Nxc6 Nxc6 10. O-O e6 11. Nc3 Bc5 12. b4 Bb6 13. Bb2 O-O 14. Na4 a6
15. Qg4 f6 16. Bxc6 bxc6 17. Nxb6 Qxb6 18. Rad1 Rad8 19. Rd6 Qc7 20. Rfd1 Bc8
21. e5 f5 22. Qh4 Rxd6 23. exd6 Qf7 24. Qd4 Bd7 25. f4 h6 26. Rd3 Kh7 27. Rg3
Rg8 28. Qe5 Bc8 29. h3 Bd7 30. Kh2 g5 31. fxg5 hxg5 32. Rd3 f4 33. Qe4+ Qf5 34.
Qxf5+ exf5 35. Bf6 Kg6 36. Be7 Re8 37. h4 gxh4 38. Rd4 Rb8 39. Rxf4 Rb5 40. Rxh4
a5 41. Rd4 axb4 42. axb4 c5 43. bxc5 Rxc5 44. Rb4 Rc2 45. Kh3 Kf7 46. g3 f4+ 47.
Kh4 fxg3 48. Kxg3 Rc3+ 49. Kf2 Rc2+ 50. Ke3 Rc3+ 51. Kd4 Rg3 52. Kc5 Rg5+ 53.
Kb6 Rd5 54. Kc7 Be6 55. Rf4+ Rf5 56. Re4 Rf1 57. Re3 Rc1+ 58. Kb6 Rb1+ 59. Kc5
Rc1+ 60. Kd4 Rd1+ 61. Ke5 Rd5+ 62. Kf4 Rf5+ 63. Kg3 Rd5 64. Rf3+ Ke8 65. Rf8+
Kd7 66. Rd8+ Kc6 67. Kf4 Rf5+ 68. Ke4 Rh5 69. Rb8 Kd7 70. Rb7+ Kc6 71. Rc7+ Kb6
72. Rc1 Bd5+ 73. Kd4 Be6 74. Re1 Bd7 75. Rb1+ Kc6 76. Rc1+ Kb6 77. Ke4 Bc6+ 78.
Kf4 Bd7 79. Bf6 Rf5+ 80. Ke4 Rxf6 81. Kd5 Rf5+ 82. Kd4 Rh5 83. Ke4 Bc6+ 84. Kd4
Rd5+ 85. Ke3 Rxd6 86. Rc3 Bd5 87. Kf4 Bc6 88. Ke5 Rd5+ 89. Kf4 Kc7 90. Ke3 Kd6
91. Kf4 Bb5 92. Ke3 Ke5 93. Ra3 Bc4 94. Rc3 Bb5 95. Ra3 Rc5 96. Rb3 Kd5 97. Ra3
Bc4 98. Rc3 Rc6 99. Ra3 Re6+ 100. Kf4 Kd4 101. Ra5 Rf6+ 102. Kg5 Rf7 103. Kg4
Ke4 104. Kg5 Bd5 105. Ra4+ Ke5 106. Ra5 Rg7+ 107. Kh5 Ke6 108. Rb5 1-0

[Event "Titled Tue 1st Jul Early"]
[Site "chess.com INT"]
[Date "2025.07.01"]
[Round "11"]
[White "Newansa, M Esandi"]
[Black "Sarveshwaran V"]
[Result "1-0"]
[WhiteTitle "WFM"]
[BlackTitle "CM"]
[WhiteElo "1905"]
[BlackElo "2290"]
[WhiteFideId "9999060"]
[BlackFideId "25699016"]
[EventDate "2025.07.01"]

1. d4 Nf6 2. Bf4 g6 3. e3 Bg7 4. Nf3 O-O 5. c4 d6 6. Nc3 Nbd7 7. Be2 Re8 8. O-O
c6 9. h3 Qb6 10. Qd2 e5 11. dxe5 dxe5 12. Bh2 e4 13. Nd4 Ne5 14. Nb3 Bf5 15. c5
Qc7 16. Nd4 Rad8 17. Qc2 Nd3 18. Bxc7 1-0

[Event "Titled Tue 1st Jul Early"]
[Site "chess.com INT"]
[Date "2025.07.01"]
[Round "11"]
[White "Zaw, Ye Htut"]
[Black "Reprintsev, Alexander"]
[Result "0-1"]
[WhiteTitle "CM"]
[BlackTitle "IM"]
[WhiteElo "2074"]
[BlackElo "2256"]
[WhiteFideId "13013955"]
[BlackFideId "14100541"]
[EventDate "2025.07.01"]

1. e4 d5 2. exd5 Qxd5 3. Nf3 Bg4 4. Be2 Nc6 5. d4 O-O-O 6. Be3 e5 7. c3 exd4 8.
cxd4 Bb4+ 9. Nc3 Bxf3 10. Bxf3 Qc4 11. Bxc6 Bxc3+ 12. bxc3 Qxc3+ 13. Qd2 Qxa1+
14. Ke2 Qxh1 15. Bxb7+ Kxb7 16. Qb4+ Kc8 17. Qb5 Qxg2 0-1

[Event "Titled Tue 1st Jul Early"]
[Site "chess.com INT"]
[Date "2025.07.01"]
[Round "11"]
[White "Tyukhanov, Alexey"]
[Black "Le Phan Hoang Quan"]
[Result "0-1"]
[WhiteTitle "CM"]
[BlackTitle "CM"]
[WhiteElo "2218"]
[BlackElo "1968"]
[WhiteFideId "24149829"]
[BlackFideId "12432881"]
[EventDate "2025.07.01"]

1. e4 c5 2. Nf3 e6 3. c3 Nf6 4. e5 Nd5 5. Bc4 Nb6 6. Bb3 d6 7. O-O Nc6 8. exd6
Bxd6 9. d4 cxd4 10. Nxd4 O-O 11. Nxc6 bxc6 12. c4 c5 13. Nc3 Bb7 14. Be3 a6 15.
Qg4 Qc7 16. h3 Rad8 17. Rad1 Be5 18. Bc2 g6 19. Bg5 Rd4 20. Rxd4 cxd4 21. Ne4 f5 0-1

[Event "Titled Tue 1st Jul Early"]
[Site "chess.com INT"]
[Date "2025.07.01"]
[Round "11"]
[White "Storn, Justin"]
[Black "Mizzi, Jack"]
[Result "0-1"]
[BlackTitle "CM"]
[WhiteElo "2118"]
[BlackElo "2106"]
[WhiteFideId "30922720"]
[BlackFideId "5602521"]
[EventDate "2025.07.01"]

1. e4 c6 2. d4 d5 3. exd5 cxd5 4. Bd3 Nc6 5. c3 Qc7 6. h3 Nf6 7. Nf3 g6 8. O-O
Bg7 9. Re1 O-O 10. Bg5 Bf5 11. Bxf5 gxf5 12. g3 e6 13. Bf4 Qb6 14. Qe2 Ne4 15.
g4 fxg4 16. hxg4 f5 17. g5 Ne7 18. Be5 Ng6 19. Bxg7 Kxg7 20. Qe3 Qxb2 21. Nbd2
Qxc3 22. Qxc3 Nxc3 23. Rxe6 Rae8 24. Rxe8 Rxe8 25. Rc1 Ne2+ 0-1

[Event "Titled Tue 1st Jul Early"]
[Site "chess.com INT"]
[Date "2025.07.01"]
[Round "11"]
[White "Arya G Mallar"]
[Black "Ahmad, Al Khatib"]
[Result "0-1"]
[WhiteTitle "WCM"]
[BlackTitle "GM"]
[WhiteElo "2000"]
[BlackElo "2172"]
[WhiteFideId "25115324"]
[BlackFideId "8103178"]
[EventDate "2025.07.01"]

1. c4 e6 2. g3 d5 3. Bg2 Nf6 4. f3 c5 5. cxd5 exd5 6. f4 Nc6 7. Nf3 Bd6 8. O-O
O-O 9. Nc3 Re8 10. e3 d4 11. exd4 cxd4 12. Nb5 Bb8 13. Qa4 a6 14. Nbxd4 Nxd4 15.
Nxd4 Ba7 16. Kh1 Qxd4 17. Qc2 Be6 18. a4 Bd5 19. Ra3 Bxg2+ 20. Kxg2 Rac8 21. Qb1
Re2+ 22. Kh1 Qd5+ 23. Raf3 Re1 24. Qd3 Qxd3 25. Rxd3 Rxf1+ 26. Kg2 Rfxc1 0-1

[Event "Titled Tue 1st Jul Early"]
[Site "chess.com INT"]
[Date "2025.07.01"]
[Round "11"]
[White "Babayeva, Nasrin"]
[Black "Gajic, Mladen"]
[Result "1-0"]
[WhiteTitle "WFM"]
[BlackTitle "FM"]
[WhiteElo "1936"]
[BlackElo "2246"]
[WhiteFideId "13416626"]
[BlackFideId "1709178"]
[EventDate "2025.07.01"]

1. c4 e5 2. g3 h5 3. Nc3 h4 4. Nf3 hxg3 5. fxg3 Nc6 6. Bg2 Nf6 7. O-O e4 8. Ng5
Bc5+ 9. e3 d6 10. Ncxe4 Nxe4 11. Nxf7 Qe7 12. Nxh8 1-0

[Event "Titled Tue 1st Jul Early"]
[Site "chess.com INT"]
[Date "2025.07.01"]
[Round "11"]
[White "Belov, Alexei"]
[Black "Starozhilov, Leonid"]
[Result "0-1"]
[WhiteTitle "IM"]
[BlackTitle "FM"]
[WhiteElo "2421"]
[BlackElo "2240"]
[WhiteFideId "4128206"]
[BlackFideId "14106752"]
[EventDate "2025.07.01"]

1. e4 c5 2. Nf3 e6 3. d4 cxd4 4. Nxd4 a6 5. Nc3 Qc7 6. Be2 Nf6 7. O-O Bc5 8. Nb3
Ba7 9. Bg5 h5 10. h3 Nc6 11. Kh1 Ne5 12. Bxf6 gxf6 13. Nd4 Ng4 14. Kg1 Qh2# 0-1

[Event "Titled Tue 1st Jul Early"]
[Site "chess.com INT"]
[Date "2025.07.01"]
[Round "11"]
[White "Cunha, Lucas Aguiar"]
[Black "Sarasketa Irastortza, Oier"]
[Result "1-0"]
[WhiteTitle "FM"]
[BlackTitle "CM"]
[WhiteElo "2254"]
[BlackElo "2140"]
[WhiteFideId "2125404"]
[BlackFideId "54728207"]
[EventDate "2025.07.01"]

1. e4 e5 2. Nf3 Nc6 3. Nc3 Nf6 4. Bb5 Bb4 5. O-O O-O 6. d3 d6 7. Bg5 h6 8. Bxf6
Qxf6 9. Nd5 Qd8 10. Bxc6 bxc6 11. Nxb4 Bd7 12. c3 Rb8 13. b3 f5 14. exf5 Rxf5
15. Qe2 a5 16. Nc2 Qf6 17. d4 e4 18. Qxe4 Re8 19. Qd3 Rf8 20. Nd2 Qg6 21. Ne3
Rg5 22. Qxg6 Rxg6 23. f4 1-0

[Event "Titled Tue 1st Jul Early"]
[Site "chess.com INT"]
[Date "2025.07.01"]
[Round "11"]
[White "Vijayakumar, Rishi"]
[Black "Garv, Gaur"]
[Result "1-0"]
[WhiteTitle "FM"]
[BlackTitle "FM"]
[WhiteElo "2333"]
[BlackElo "2363"]
[WhiteFideId "2408953"]
[BlackFideId "45030839"]
[EventDate "2025.07.01"]

1. d4 Nf6 2. c4 e6 3. Nf3 Bb4+ 4. Nbd2 b6 5. a3 Bxd2+ 6. Bxd2 Bb7 7. g3 O-O 8.
Bg2 d6 9. O-O a5 10. Bg5 Nbd7 11. Qc2 h6 12. Bf4 Qe7 13. Rfe1 e5 14. dxe5 dxe5
15. Nxe5 Bxg2 16. Nxd7 Nh5 17. Nxf8 Nxf4 18. e3 Be4 19. exf4 Bxc2 20. Rxe7 1-0

[Event "Titled Tue 1st Jul Early"]
[Site "chess.com INT"]
[Date "2025.07.01"]
[Round "11"]
[White "Sahin, Sarp"]
[Black "Bashirov, Kemal"]
[Result "1-0"]
[WhiteTitle "CM"]
[BlackTitle "FM"]
[WhiteElo "2187"]
[BlackElo "2305"]
[WhiteFideId "51605066"]
[BlackFideId "14183650"]
[EventDate "2025.07.01"]

1. b3 e5 2. Bb2 Nc6 3. g3 d5 4. Bg2 Nf6 5. d3 Bd6 6. Nd2 Be6 7. e4 O-O 8. Ne2
Qd7 9. O-O Rad8 10. exd5 Bxd5 11. Bxd5 Nxd5 12. Kg2 Bc5 13. Ne4 Bb6 14. a3 a5
15. c4 Nde7 16. c5 Ba7 17. b4 Nd4 18. Bxd4 exd4 19. Qd2 Qd5 20. Nf4 Qc6 21. f3
Nf5 22. Kg1 Ne3 23. Rfe1 f5 24. Ng5 Rfe8 25. Rxe3 dxe3 26. Qa2+ Rd5 27. Nxd5 1-0

[Event "Titled Tue 1st Jul Early"]
[Site "chess.com INT"]
[Date "2025.07.01"]
[Round "11"]
[White "Munoz, Francisco Javier"]
[Black "King, Alexander"]
[Result "1-0"]
[WhiteTitle "FM"]
[BlackTitle "FM"]
[WhiteElo "2389"]
[BlackElo "2263"]
[WhiteFideId "128368"]
[BlackFideId "2063620"]
[EventDate "2025.07.01"]

1. e4 e6 2. d4 d5 3. Nc3 Bb4 4. Ne2 dxe4 5. a3 Bxc3+ 6. Nxc3 Nc6 7. Be3 Nge7 8.
Qd2 O-O 9. O-O-O b6 10. Nxe4 Bb7 11. Bd3 Nxd4 12. Nf6+ gxf6 13. Bxd4 Ng6 14. Bc3
Qd5 15. Kb1 Rfd8 16. Bxf6 Qh5 17. Qe3 Rd5 18. g4 Qxg4 19. Qh6 1-0

[Event "Titled Tue 1st Jul Early"]
[Site "chess.com INT"]
[Date "2025.07.01"]
[Round "11"]
[White "Buscar, Michael"]
[Black "Predein, Vladimir"]
[Result "0-1"]
[BlackTitle "IM"]
[WhiteElo "2016"]
[BlackElo "2373"]
[WhiteFideId "2603616"]
[BlackFideId "4117786"]
[EventDate "2025.07.01"]

1. d4 Nf6 2. c4 e6 3. Nc3 c5 4. e3 b6 5. Bd3 cxd4 6. exd4 Bb7 7. Nf3 Be7 8. O-O
O-O 9. Bg5 d6 10. Rc1 Nbd7 11. Qe2 Rc8 12. Rfd1 h6 13. Bh4 Qc7 14. Ne4 Nxe4 15.
Bxe7 Rfe8 16. Bh4 f5 17. Bg3 Nxg3 18. hxg3 Nf6 19. Nh4 Qf7 20. Qd2 g5 21. Nf3 f4
22. gxf4 Bxf3 23. gxf3 Qh5 24. Kg2 g4 25. Qe3 Qh3+ 26. Kg1 gxf3 27. Bf1 Qg4+ 28.
Kh1 Rc7 29. Rc3 Qh4+ 30. Kg1 Rg7+ 0-1

[Event "Titled Tue 1st Jul Early"]
[Site "chess.com INT"]
[Date "2025.07.01"]
[Round "11"]
[White "Viskelis, Darius"]
[Black "Fomevor, Cephas Clinton"]
[Result "1-0"]
[WhiteTitle "FM"]
[BlackTitle "CM"]
[WhiteElo "2146"]
[BlackElo "1883"]
[WhiteFideId "12800830"]
[BlackFideId "12601330"]
[EventDate "2025.07.01"]

1. e4 c5 2. Nf3 Nc6 3. Bb5 g6 4. O-O Bg7 5. c3 e5 6. d4 cxd4 7. cxd4 exd4 8. Bf4
d6 9. Nxd4 Ne7 10. Nc3 O-O 11. Nxc6 bxc6 12. Bc4 d5 13. exd5 cxd5 14. Nxd5 Re8
15. Nc7 Bb7 16. Qxd8 Rexd8 17. Nxa8 Bxa8 18. Rad1 Rc8 19. b3 Nf5 20. Rd7 1-0

[Event "Titled Tue 1st Jul Early"]
[Site "chess.com INT"]
[Date "2025.07.01"]
[Round "11"]
[White "Dragnev, Valentin"]
[Black "Bozorov, Javohir"]
[Result "0-1"]
[WhiteTitle "GM"]
[BlackTitle "FM"]
[WhiteElo "2547"]
[BlackElo "2039"]
[WhiteFideId "1634852"]
[BlackFideId "14216957"]
[EventDate "2025.07.01"]

1. e4 c5 2. Nf3 d6 3. Bc4 Nf6 4. d3 Nc6 5. O-O Bg4 6. h3 Bh5 7. c3 e6 8. g4 Bg6
9. Nh4 Be7 10. f4 d5 11. exd5 Nxd5 12. Nxg6 hxg6 13. Qf3 Nb6 14. Bb5 Qd7 15. Nd2
O-O-O 16. Nc4 Kc7 17. Ne5 Nxe5 18. fxe5 Qxb5 19. Qxf7 Qd7 20. Rf3 0-1

[Event "Titled Tue 1st Jul Early"]
[Site "chess.com INT"]
[Date "2025.07.01"]
[Round "11"]
[White "Jimenez Salas, Maria Teresa"]
[Black "Waldhausen Gordon, Frederick"]
[Result "1-0"]
[WhiteTitle "WIM"]
[BlackTitle "FM"]
[WhiteElo "2249"]
[BlackElo "2395"]
[WhiteFideId "3843866"]
[BlackFideId "2409143"]
[EventDate "2025.07.01"]

1. e4 e5 2. Nf3 Nc6 3. d4 exd4 4. Nxd4 Nf6 5. Nxc6 bxc6 6. Qe2 Qe7 7. Nc3 a5 8.
Bg5 Ba6 9. Qe3 Bxf1 10. Rxf1 h6 11. Bf4 d5 12. exd5 Qxe3+ 13. fxe3 Bb4 14. dxc6
Nd5 15. O-O-O Nxc3 16. bxc3 Bxc3 17. Bxc7 Rc8 18. Rd7 O-O 19. e4 Rfe8 20. Rf3
Bf6 21. e5 Bg5+ 22. Kb2 f6 23. exf6 Bxf6+ 24. c3 Re2+ 25. Kb3 Rxg2 26. Rxf6 gxf6
27. Rd8+ Rxd8 28. Bxd8 Rg5 29. Kc4 Rg4+ 30. Kb5 Rg5+ 31. Kb6 Rg4 32. c7 Rc4 33.
Kb7 Rxc3 34. c8=Q Rxc8 35. Kxc8 Kf7 36. Bxa5 Ke6 37. Bc7 Kd5 38. Kb7 f5 39. a4 1-0

[Event "Titled Tue 1st Jul Early"]
[Site "chess.com INT"]
[Date "2025.07.01"]
[Round "11"]
[White "Chiang, Jacob"]
[Black "Milanovic, Vojislav"]
[Result "1-0"]
[BlackTitle "IM"]
[WhiteElo "2032"]
[BlackElo "2293"]
[WhiteFideId "30962331"]
[BlackFideId "905046"]
[EventDate "2025.07.01"]

1. Nf3 g6 2. d4 Bg7 3. c4 d6 4. g3 Nc6 5. Bg2 e5 6. d5 Nce7 7. O-O h6 8. Nc3 f5
9. c5 Nf6 10. Re1 O-O 11. Qb3 a6 12. Be3 f4 13. gxf4 Ng4 14. fxe5 Nxe3 15. fxe3
Rxf3 16. exf3 Bxe5 17. f4 Bg7 18. e4 Bd4+ 19. Kh1 Bxc5 20. e5 Nf5 21. Ne4 Bb6
22. Nf6+ Kh8 23. Qc3 Bd4 24. Qd3 dxe5 25. fxe5 Bxe5 26. Rxe5 Qxf6 27. Re8+ Kg7
28. Rc1 Qd6 29. Qc3+ Kf7 30. Qh8 Ng7 31. Rxc8 Rxc8 32. Qxc8 g5 33. Qxc7+ 1-0

[Event "Titled Tue 1st Jul Early"]
[Site "chess.com INT"]
[Date "2025.07.01"]
[Round "11"]
[White "Bristy, Mukherjee"]
[Black "Andrade, Ivan"]
[Result "1-0"]
[WhiteTitle "WFM"]
[BlackTitle "FM"]
[WhiteElo "2031"]
[BlackElo "2136"]
[WhiteFideId "25077325"]
[BlackFideId "14800039"]
[EventDate "2025.07.01"]

1. d4 Nf6 2. Bg5 Ne4 3. Bf4 d6 4. f3 g5 5. Bc1 Nf6 6. Bxg5 c5 7. dxc5 Qa5+ 8.
Qd2 Qxc5 9. Bxf6 exf6 10. e4 h5 11. Nc3 Bh6 12. Qd5 Qb4 13. Qb5+ Qxb5 14. Nxb5
Na6 15. Nxd6+ Ke7 16. Bxa6 Kxd6 17. Bc4 Ke7 18. Ne2 Rg8 19. O-O h4 20. Kh1 Bd7
21. Rfd1 Rac8 22. Bb3 a5 23. c3 b5 24. Bxf7 Rg7 25. Bd5 b4 26. c4 Be3 27. b3 Bc5
28. Rd3 Rh8 29. Rad1 Bc8 30. Bc6 Rhg8 31. Nf4 f5 32. exf5 Bxf5 33. Rd5 Be3 34.
Re1 Kf6 35. Rxe3 1-0

[Event "Titled Tue 1st Jul Early"]
[Site "chess.com INT"]
[Date "2025.07.01"]
[Round "11"]
[White "Fedotov, Nikita2"]
[Black "Donoso Aguirre, Maximiliano"]
[Result "1-0"]
[WhiteTitle "FM"]
[BlackTitle "CM"]
[WhiteElo "2278"]
[BlackElo "2050"]
[WhiteFideId "24161446"]
[BlackFideId "3458920"]
[EventDate "2025.07.01"]

1. e4 e5 2. Nf3 Nc6 3. Bc4 Bc5 4. d3 Nf6 5. Nc3 h6 6. a4 a6 7. h3 d6 8. Be3 Ba7
9. O-O g5 10. Nh2 Qe7 11. Kh1 Be6 12. Nd5 Bxd5 13. exd5 Nd4 14. c3 Nf5 15. Bxa7
Rxa7 16. a5 O-O 17. Ng4 Nxg4 18. Qxg4 Ng7 19. Qe2 f5 20. f4 Raa8 21. fxe5 dxe5
22. d6+ 1-0

[Event "Titled Tue 1st Jul Early"]
[Site "chess.com INT"]
[Date "2025.07.01"]
[Round "11"]
[White "Kim, Sergey"]
[Black "Cordoba Roa, Angel Gabriel"]
[Result "0-1"]
[WhiteTitle "FM"]
[BlackTitle "FM"]
[WhiteElo "2295"]
[BlackElo "2396"]
[WhiteFideId "13700570"]
[BlackFideId "3957624"]
[EventDate "2025.07.01"]

1. d4 Nf6 2. c4 e6 3. Nc3 Bb4 4. Qc2 O-O 5. a3 Bxc3+ 6. Qxc3 b5 7. cxb5 c6 8. e3
Bb7 9. Nf3 Qb6 10. Qc5 Qc7 11. Be2 d6 12. Qc2 Qb6 13. bxc6 Nxc6 14. O-O Rfc8 15.
Qd1 a5 16. b3 Rab8 17. Bd2 Ba6 18. Rb1 Ne4 19. Re1 Ne7 20. Bxa6 Qxa6 21. b4 a4
22. Qe2 Qxe2 23. Rxe2 Rc2 24. Kf1 Rbc8 25. b5 Nd5 26. b6 Rb8 27. Ba5 Rxe2 28.
Kxe2 Nec3+ 29. Bxc3 Nxc3+ 0-1

[Event "Titled Tue 1st Jul Early"]
[Site "chess.com INT"]
[Date "2025.07.01"]
[Round "11"]
[White "Ter-Sahakyan, Samvel"]
[Black "Naroditsky, Daniel"]
[Result "0-1"]
[WhiteTitle "GM"]
[BlackTitle "GM"]
[WhiteElo "2611"]
[BlackElo "2619"]
[WhiteFideId "13302531"]
[BlackFideId "2026961"]
[EventDate "2025.07.01"]

1. d4 Nf6 2. c4 g6 3. Nc3 Bg7 4. e4 d6 5. Be2 O-O 6. Be3 Na6 7. Nf3 e5 8. O-O
Qe7 9. dxe5 dxe5 10. Nd5 Qd8 11. Nxf6+ Bxf6 12. c5 Nb4 13. Bc4 Qe7 14. Qe2 Be6
15. Rfd1 Rfd8 16. a3 Nc6 17. b4 a5 18. b5 Nd4 19. Bxd4 exd4 20. Rac1 d3 21. Bxd3
Bb3 22. Rd2 a4 23. h4 Bg7 24. g3 Bh6 25. Ng5 Bxg5 26. hxg5 Qxg5 27. c6 b6 28.
Qe3 Qe7 29. Bc4 Rxd2 30. Qxd2 Rd8 31. Bd5 Qxa3 32. Qc3 Qa2 33. Qf6 Rf8 34. Qe7
Bxd5 35. exd5 a3 36. Qxc7 Qd2 0-1

[Event "Titled Tue 1st Jul Early"]
[Site "chess.com INT"]
[Date "2025.07.01"]
[Round "11"]
[White "Smirnov, Alexandr A."]
[Black "Plichta, Kamil"]
[Result "1-0"]
[WhiteTitle "FM"]
[BlackTitle "FM"]
[WhiteElo "2136"]
[BlackElo "2361"]
[WhiteFideId "24104396"]
[BlackFideId "1141830"]
[EventDate "2025.07.01"]

1. e4 g6 2. d4 Bg7 3. Nc3 c5 4. Nf3 Qa5 5. Be3 Nf6 6. Bd3 Ng4 7. Bd2 cxd4 8. Nd5
Qd8 9. h3 Nf6 10. O-O d6 11. c3 dxc3 12. Bxc3 Nbd7 13. Qe2 O-O 14. Nxf6+ Bxf6
15. Rac1 Bxc3 16. Rxc3 Nc5 17. Bc4 Be6 18. e5 Bxc4 19. Rxc4 b6 20. exd6 Qxd6 21.
Rd1 Qf6 22. b4 Ne6 23. Nd4 Nxd4 24. Rcxd4 Rfc8 25. Rd7 e6 26. R1d3 Rc1+ 27. Kh2
Qf4+ 28. g3 Qxb4 29. Rd8+ Rxd8 30. Rxd8+ Kg7 31. Qe5+ f6 32. Rd7+ Kh6 33. Qe3+
Qf4 1-0